Statistical prediction analysis /
Guardado en:
| Autor Principal: | |
|---|---|
| Otros Autores: | |
| Formato: | Libro |
| Idioma: | English |
| Publicado: |
Cambridge [Eng.] :
Cambridge University Press,
1975.
|
| Materias: | |
| Etiquetas: |
Agregar Etiqueta
Sin Etiquetas, Sea el primero en etiquetar este registro!
|
| LEADER | 00734cam a22002295a 4500 | ||
|---|---|---|---|
| 001 | MAT.inmabb002485 | ||
| 008 | 751014s1975####enka#####b####001#0#eng## | ||
| 005 | 20110316132310.0 | ||
| 245 | 1 | 0 | |a Statistical prediction analysis / |c J. Aitchison, I.R. Dunsmore. |
| 260 | |a Cambridge [Eng.] : |b Cambridge University Press, |c 1975. | ||
| 300 | |a xi, 273 p. : |b il. ; |c 24 cm. | ||
| 504 | |a Bibliografía: p. 259-265. | ||
| 510 | 4 | |a MR, |c 53 #11864 | |
| 020 | |a 0521206928 | ||
| 100 | 1 | |a Aitchison, J. |q (John), |d 1926- | |
| 700 | 1 | |a Dunsmore, I. R. | |
| 650 | 0 | |a Prediction theory. | |
| 650 | 0 | |a Statistical tolerance regions. | |
| 084 | |a 62Fxx |2 msc2000 | ||
| 010 | |a 74025649 | ||
| 040 | |a DLC |c DLC |d DLC | ||
| 859 | |h 62 |i Ai311 |p A-5014 |b BIB. MATEMATICA | ||
